[Event "CZE-chT2A 2223"]
[Site "Czech Republic"]
[Date "2023.03.05"]
[Round "10.7"]
[White "Juhanak, Daniel"]
[Black "Adamek, Zdenek"]
[Result "1-0"]
[WhiteElo "1978"]
[BlackElo "2179"]
[PlyCount "41"]
[EventDate "2022.10.16"]
[EventType "team-tourn"]
[EventRounds "11"]
[EventCountry "CZE"]
[SourceTitle "EXT 2024"]
[Source "ChessBase"]
[SourceDate "2023.10.10"]
[SourceVersion "1"]
[SourceVersionDate "2023.10.10"]
[SourceQuality "1"]
[WhiteTeam "Unichess"]
[BlackTeam "Pisek"]
[WhiteTeamCountry "CZE"]
[BlackTeamCountry "CZE"]

1. e4 d6 2. d4 Nf6 3. Nc3 g6 4. Be3 c6 5. Qd2 Nbd7 6. h3 b5 7. a3 Bb7 8. Nf3 e5 9. Rd1 Bg7 10. dxe5 dxe5 11. Nxb5 Nxe4 12. Qb4 cxb5 13. Bxb5 a5 14. Qa4 0-0 15. Rxd7 Qc8 16. 0-0 Nf6 17. Nxe5 Nxd7 18. Nxd7 Bxb2 19. Rb1 Bc3 20. Nxf8 Qxf8 21. Bc4 1-0

[Event "CZE-chT2A 2223"]
[Site "Czech Republic"]
[Date "2022.10.16"]
[Round "1.6"]
[White "Adamek, Zdenek"]
[Black "Zilavy, Jan"]
[Result "1-0"]
[WhiteElo "2179"]
[BlackElo "2134"]
[PlyCount "91"]
[EventDate "2022.10.16"]
[EventType "team-tourn"]
[EventRounds "11"]
[EventCountry "CZE"]
[SourceTitle "EXT 2024"]
[Source "ChessBase"]
[SourceDate "2023.10.10"]
[SourceVersion "1"]
[SourceVersionDate "2023.10.10"]
[SourceQuality "1"]
[WhiteTeam "Pisek"]
[BlackTeam "Tabor"]
[WhiteTeamCountry "CZE"]
[BlackTeamCountry "CZE"]

1. d4 Nf6 2. c4 c5 3. d5 b5 4. Qc2 g6 5. e4 d6 6. cxb5 Bg7 7. Nc3 0-0 8. Nf3 a6 9. bxa6 Qa5 10. Nd2 Bxa6 11. Be2 Bxe2 12. Nxe2 Na6 13. 0-0 Nb4 14. Qc4 Nd7 15. Nc3 Nb6 16. Qb3 Rfb8 17. a4 Nd3 18. Qc2 Nxc1 19. Rfxc1 Bxc3 20. bxc3 Nxa4 21. Ra2 Ra7 22. Rca1 Rba8 23. Nc4 Qb5 24. Nb2 Nxb2 25. Rxa7 Rxa7 26. Rxa7 Nd3 27. c4 Qb8 28. Qa2 Kg7 29. Qa1+ Qb2 30. Qxb2+ Nxb2 31. Rxe7 Nxc4 32. Kf1 Kf6 33. Re8 h5 34. f4 g5 35. g3 h4 36. Ke2 hxg3 37. hxg3 gxf4 38. gxf4 Nb6 39. e5+ dxe5 40. fxe5+ Kf5 41. d6 c4 42. Re7 f6 43. d7 Nxd7 44. Rxd7 Kxe5 45. Ke3 f5 46. Rd4 1-0

[Event "CZE-chT1W 2122"]
[Site "Czech Republic"]
[Date "2021.12.12"]
[Round "5.2"]
[White "Filipi, Stepan"]
[Black "Adamek, Zdenek"]
[Result "1-0"]
[WhiteElo "2171"]
[BlackElo "2149"]
[PlyCount "97"]
[EventDate "2021.10.10"]
[EventType "team-tourn"]
[EventRounds "11"]
[EventCountry "CZE"]
[SourceTitle "EXT 2023"]
[Source "ChessBase"]
[SourceDate "2022.10.05"]
[SourceVersion "1"]
[SourceVersionDate "2022.10.05"]
[SourceQuality "1"]
[WhiteTeam "Vysehrad SK Sokol"]
[BlackTeam "Praha DP EA Hotels"]
[WhiteTeamCountry "CZE"]
[BlackTeamCountry "CZE"]

1. e4 d6 2. d4 g6 3. Nc3 Bg7 4. Be3 a6 5. Qd2 b5 6. h4 h5 7. Nh3 Bxh3 8. Rxh3 Nd7 9. a4 b4 10. Nd5 c5 11. c3 bxc3 12. bxc3 e6 13. Nf4 Ngf6 14. f3 Qa5 15. Bc4 0-0 16. Ne2 d5 17. Bd3 e5 18. exd5 Nxd5 19. f4 Nxe3 20. Rxe3 exd4 21. cxd4 Qxd2+ 22. Kxd2 cxd4 23. Re7 Nc5 24. Bc4 Bf6 25. Rc7 Ne4+ 26. Kd3 Nf2+ 27. Kd2 Ne4+ 28. Kd3 Nd6 29. Rb1 Rfe8 30. Nxd4 Rad8 31. Bd5 Nf5 32. Bxf7+ Kf8 33. Bxe8 Rxd4+ 34. Ke2 Re4+ 35. Kd2 Rxe8 36. Rc6 Rd8+ 37. Kc1 Rd6 38. Rbb6 Rxc6+ 39. Rxc6 Kf7 40. Rxa6 Nxh4 41. Rxf6+ Kxf6 42. a5 Nxg2 43. a6 Nxf4 44. a7 Kf5 45. a8Q Kg4 46. Kd2 g5 47. Ke3 h4 48. Qf3+ Kf5 49. Qf2 1-0

[Event "CZE-chT2A 1920"]
[Site "Czech Republic"]
[Date "2020.06.27"]
[Round "10.3"]
[White "Taborsky, Rostislav"]
[Black "Adamek, Zdenek"]
[Result "1/2-1/2"]
[WhiteElo "2118"]
[BlackElo "2201"]
[PlyCount "128"]
[EventDate "2019.10.13"]
[EventType "team-tourn"]
[EventRounds "11"]
[EventCountry "CZE"]
[SourceTitle "EXT 2024"]
[Source "ChessBase"]
[SourceDate "2023.10.10"]
[SourceVersion "1"]
[SourceVersionDate "2023.10.10"]
[SourceQuality "1"]
[WhiteTeam "Domazlice"]
[BlackTeam "Pisek"]
[WhiteTeamCountry "CZE"]
[BlackTeamCountry "CZE"]

1. d4 Nf6 2. c4 g6 3. Nc3 Bg7 4. e4 d6 5. f3 0-0 6. Be3 Nc6 7. Nge2 a6 8. Qd2 Rb8 9. Rc1 Bd7 10. Nd1 e6 11. Nf2 Re8 12. g3 Bf8 13. Bg5 Be7 14. Bg2 b5 15. c5 dxc5 16. e5 Nd5 17. Bxe7 Ncxe7 18. Rxc5 b4 19. Ne4 Bb5 20. Nf4 Kg7 21. Nf6 Rf8 22. N4xd5 Nxd5 23. Nxd5 exd5 24. f4 c6 25. Qxb4 f6 26. Qd2 Qe7 27. Qe3 Rbe8 28. Bf1 fxe5 29. fxe5 Qe6 30. Bxb5 axb5 31. Rf1 Qh3 32. Rxf8 Rxf8 33. Qe2 Qf5 34. Rc1 Ra8 35. e6 Re8 36. Rxc6 Kg8 37. Kd2 b4 38. Qe5 Qf2+ 39. Kc1 Rf8 40. e7 Qf1+ 41. Kc2 Rf2+ 42. Kb3 Qd1+ 43. Kxb4 Rxb2+ 44. Ka3 Rxa2+ 45. Kxa2 Qa4+ 46. Kb2 Qb5+ 47. Kc2 Qxc6+ 48. Kd2 Kf7 49. e8Q+ Qxe8 50. Qxd5+ Kf8 51. Qe5 Qa4 52. Qh8+ Kf7 53. Qxh7+ Kf6 54. Qh4+ g5 55. Qh8+ Kf5 56. Qe5+ Kg4 57. Qe2+ Kh3 58. Ke3 Qa1 59. Ke4 g4 60. Qd2 Qh1+ 61. Ke5 Qd5+ 62. Kf6 Qf5+ 63. Kg7 Qg6+ 64. Kh8 Qh7+ 1/2-1/2

[Event "CZE-chT1W 1920"]
[Site "Czech Republic"]
[Date "2020.01.19"]
[Round "6.3"]
[White "Adamek, Zdenek"]
[Black "Kucera, Petr"]
[Result "0-1"]
[WhiteElo "2224"]
[BlackElo "2225"]
[PlyCount "70"]
[EventDate "2019.10.20"]
[EventType "team-tourn"]
[EventRounds "11"]
[EventCountry "CZE"]
[SourceTitle "CBM 194 Extra"]
[Source "ChessBase"]
[SourceDate "2020.03.31"]
[SourceVersion "1"]
[SourceVersionDate "2020.03.31"]
[SourceQuality "1"]
[WhiteTeam "Praha DP EA Hotels"]
[BlackTeam "Turnov Zikuda II"]
[WhiteTeamCountry "CZE"]
[BlackTeamCountry "CZE"]

1. d4 d5 2. c4 dxc4 3. Nf3 Nf6 4. e3 e6 5. Bxc4 c5 6. 0-0 a6 7. a4 Nc6 8. Qe2 Qc7 9. Nc3 Bd6 10. dxc5 Bxc5 11. e4 Nd4 12. Nxd4 Bxd4 13. Bd2 0-0 14. Rac1 Bd7 15. Bd3 Qd6 16. Rfd1 e5 17. Be3 Qb6 18. Bc2 Bg4 19. Bxd4 exd4 20. Nd5 Bxe2 21. Nxb6 Bxd1 22. Rxd1 Rad8 23. f3 Rfe8 24. Bb3 Re5 25. Kf2 g5 26. Nd5 Kg7 27. Rxd4 b5 28. axb5 axb5 29. Rb4 Rb8 30. Ke3 Ne8 31. Kd4 f6 32. Kc5 Nc7 33. Kc6 Na6 34. Rd4 Re6+ 35. Kd7 Nc5+ 0-1

[Event "CZE-chT1W 1920"]
[Site "Czech Republic"]
[Date "2019.12.08"]
[Round "4.2"]
[White "Adamek, Zdenek"]
[Black "Fajman, Petr"]
[Result "0-1"]
[WhiteElo "2224"]
[BlackElo "2191"]
[PlyCount "80"]
[EventDate "2019.10.20"]
[EventType "team-tourn"]
[EventRounds "11"]
[EventCountry "CZE"]
[SourceTitle "CBM 193 Extra"]
[Source "ChessBase"]
[SourceDate "2020.01.31"]
[SourceVersion "1"]
[SourceVersionDate "2020.01.31"]
[SourceQuality "1"]
[WhiteTeam "Praha DP EA Hotels"]
[BlackTeam "Neratovice"]
[WhiteTeamCountry "CZE"]
[BlackTeamCountry "CZE"]

1. d4 Nf6 2. c4 g6 3. Nc3 d6 4. Nf3 Bg7 5. Bg5 0-0 6. e3 Nbd7 7. Be2 c6 8. Qc2 Qc7 9. 0-0 e5 10. Rfd1 Re8 11. Rac1 Nf8 12. Bh4 Bf5 13. Qa4 Ne6 14. dxe5 dxe5 15. b4 a5 16. b5 Nc5 17. Qa3 Nfe4 18. Nxe4 Nxe4 19. Nd2 Bf8 20. Qb2 Nc5 21. Nf3 Kg7 22. Bg3 f6 23. Nd4 Bd7 24. Nb3 a4 25. Nxc5 Bxc5 26. h3 a3 27. Qc3 Rad8 28. Bg4 h5 29. Bxd7 Rxd7 30. Rxd7+ Qxd7 31. Rb1 cxb5 32. cxb5 b6 33. Kh2 Rd8 34. f4 Qd2 35. Qb3 exf4 36. exf4 Rd3 37. Qc4 Re3 38. Qa4 Rxg3 39. Kxg3 Qd3+ 40. Kh2 Qxb1 0-1

[Event "CZE-chT2B 1819"]
[Site "Czech Republic"]
[Date "2018.12.16"]
[Round "5.3"]
[White "Hrbolka, Ladislav"]
[Black "Adamek, Zdenek"]
[Result "0-1"]
[WhiteElo "2054"]
[BlackElo "2186"]
[PlyCount "58"]
[EventDate "2018.10.14"]
[EventType "team-tourn"]
[EventRounds "11"]
[EventCountry "CZE"]
[SourceTitle "EXT 2022"]
[Source "ChessBase"]
[SourceDate "2021.10.06"]
[SourceVersion "1"]
[SourceVersionDate "2021.10.06"]
[SourceQuality "1"]
[WhiteTeam "Most Chess"]
[BlackTeam "Praha Dopravni podnik II"]
[WhiteTeamCountry "CZE"]
[BlackTeamCountry "CZE"]

1. d4 Nf6 2. c4 g6 3. g3 Bg7 4. Bg2 0-0 5. Nf3 d6 6. 0-0 Nc6 7. Nc3 a6 8. d5 Na5 9. b3 Rb8 10. Nd4 c5 11. dxc6 bxc6 12. Bd2 c5 13. Nc6 Nxc6 14. Bxc6 Bh3 15. Bg2 Qd7 16. e4 Bxg2 17. Kxg2 Qb7 18. f3 Nd7 19. Qc2 Ne5 20. Nd5 e6 21. Ne3 f5 22. Rae1 Nc6 23. Qd3 Nd4 24. exf5 gxf5 25. Nc2 Rbe8 26. Ne3 Qc6 27. Bc3 Qb7 28. Nd1 e5 29. Nf2 Nxf3 0-1

[Event "CZE-chT2B 1819"]
[Site "Czech Republic"]
[Date "2018.11.18"]
[Round "3.5"]
[White "Haman, Jakub"]
[Black "Adamek, Zdenek"]
[Result "1-0"]
[WhiteElo "2222"]
[BlackElo "2186"]
[PlyCount "71"]
[EventDate "2018.10.14"]
[EventType "team-tourn"]
[EventRounds "11"]
[EventCountry "CZE"]
[SourceTitle "EXT 2022"]
[Source "ChessBase"]
[SourceDate "2021.10.06"]
[SourceVersion "1"]
[SourceVersionDate "2021.10.06"]
[SourceQuality "1"]
[WhiteTeam "Kladno"]
[BlackTeam "Praha Dopravni podnik II"]
[WhiteTeamCountry "CZE"]
[BlackTeamCountry "CZE"]

1. d4 Nf6 2. c4 g6 3. Nc3 Bg7 4. e4 d6 5. g3 0-0 6. Bg2 Nc6 7. Nge2 a6 8. h3 Rb8 9. Bg5 Bd7 10. 0-0 Qc8 11. Kh2 e5 12. d5 Nd4 13. Nxd4 exd4 14. Ne2 c5 15. dxc6 bxc6 16. Nxd4 Rxb2 17. Nb3 Re8 18. Bc1 Rxb3 19. axb3 Ng4+ 20. hxg4 Bxa1 21. g5 c5 22. Be3 Be5 23. f4 Bg4 24. Qd3 Bg7 25. Qxd6 Bf8 26. Qb6 Rd8 27. e5 Rd3 28. Re1 Bd1 29. Bh3 Bg4 30. Bg2 Bd1 31. Bd5 Rxb3 32. Qf6 Bg7 33. Qxf7+ Kh8 34. e6 Bg4 35. e7 Bd7 36. Bd4 1-0

[Event "CZE-chT2B 1819"]
[Site "Czech Republic"]
[Date "2018.10.14"]
[Round "1.4"]
[White "Adamek, Zdenek"]
[Black "Riha, Jaroslav1111"]
[Result "1-0"]
[WhiteElo "2186"]
[BlackElo "2084"]
[PlyCount "53"]
[EventDate "2018.10.14"]
[EventType "team-tourn"]
[EventRounds "11"]
[EventCountry "CZE"]
[SourceTitle "EXT 2022"]
[Source "ChessBase"]
[SourceDate "2021.10.06"]
[SourceVersion "1"]
[SourceVersionDate "2021.10.06"]
[SourceQuality "1"]
[WhiteTeam "Praha Dopravni podnik II"]
[BlackTeam "Teplice"]
[WhiteTeamCountry "CZE"]
[BlackTeamCountry "CZE"]

1. d4 Nf6 2. c4 g6 3. Nc3 d6 4. Nf3 Bg7 5. Bg5 Nbd7 6. e3 c5 7. d5 Qa5 8. Nd2 a6 9. Be2 h6 10. Bf4 Ne5 11. 0-0 Bg4 12. Bxe5 Bxe2 13. Qxe2 dxe5 14. a3 0-0 15. Rab1 Nd7 16. Rfc1 Rab8 17. e4 b5 18. cxb5 axb5 19. b4 Qxa3 20. Nxb5 Qa2 21. bxc5 Rfc8 22. c6 Nb6 23. Nc3 Qa3 24. Nc4 Nxc4 25. Qxc4 Bf6 26. Ra1 Qb2 27. Rcb1 1-0

[Event "CZE-chT1W 1718"]
[Site "Czech Republic"]
[Date "2018.04.15"]
[Round "11.5"]
[White "Bostl, Frantisek"]
[Black "Adamek, Zdenek"]
[Result "1/2-1/2"]
[WhiteElo "2172"]
[BlackElo "2212"]
[PlyCount "87"]
[EventDate "2017.10.29"]
[EventType "team-tourn"]
[EventRounds "11"]
[EventCountry "CZE"]
[SourceTitle "EXT 2019"]
[Source "ChessBase"]
[SourceDate "2018.10.10"]
[SourceVersion "1"]
[SourceVersionDate "2018.10.10"]
[SourceQuality "1"]
[WhiteTeam "Ceske Budejovice"]
[BlackTeam "Praha DP Tarok"]
[WhiteTeamCountry "CZE"]
[BlackTeamCountry "CZE"]

1. e4 d6 2. d4 Nf6 3. Nc3 g6 4. Be2 Bg7 5. Be3 Nbd7 6. Qd2 e5 7. d5 Nc5 8. f3 0-0 9. b4 Ncd7 10. Nh3 Nh5 11. Bg5 f6 12. Bh6 a5 13. Bxg7 Nxg7 14. b5 Nc5 15. g4 Qe7 16. 0-0-0 Bd7 17. a4 g5 18. Nf2 Kf7 19. h4 h6 20. hxg5 hxg5 21. Rh6 Rh8 22. Rdh1 Rxh6 23. Rxh6 Rg8 24. Nd3 Nxd3+ 25. Bxd3 Qf8 26. Qh2 Ke7 27. Nd1 Kd8 28. Ne3 Kc8 29. Nc4 b6 30. Rh7 Ne8 31. Ne3 Ng7 32. Nf1 Kd8 33. Ng3 Be8 34. Qh6 Bd7 35. Bf1 Be8 36. Bh3 Bd7 37. Kd2 Ne8 38. Qh5 Ng7 39. Qg6 Ne8 40. Qf7 Qxf7 41. Rxf7 Rg7 42. Rxg7 Nxg7 43. Nh5 Ne8 44. c4 1/2-1/2

[Event "CZE-chT1W 1718"]
[Site "Czech Republic"]
[Date "2018.03.04"]
[Round "9.8"]
[White "Micanek, Tomas"]
[Black "Adamek, Zdenek"]
[Result "1/2-1/2"]
[WhiteElo "2072"]
[BlackElo "2212"]
[PlyCount "23"]
[EventDate "2017.10.29"]
[EventType "team-tourn"]
[EventRounds "11"]
[EventCountry "CZE"]
[SourceTitle "EXT 2019"]
[Source "ChessBase"]
[SourceDate "2018.10.10"]
[SourceVersion "1"]
[SourceVersionDate "2018.10.10"]
[SourceQuality "1"]
[WhiteTeam "Praha Bohemians"]
[BlackTeam "Praha DP Tarok"]
[WhiteTeamCountry "CZE"]
[BlackTeamCountry "CZE"]

1. e4 d6 2. d4 Nf6 3. Nc3 g6 4. Bf4 Bg7 5. Qd2 c6 6. Nf3 0-0 7. e5 dxe5 8. Nxe5 Be6 9. 0-0-0 Nbd7 10. Bh6 Nxe5 11. Bxg7 Kxg7 12. dxe5 1/2-1/2

[Event "CZE-chT2A 1617"]
[Site "Czech Republic"]
[Date "2017.04.02"]
[Round "11.4"]
[White "Ptacnik, Stanislav"]
[Black "Adamek, Zdenek"]
[Result "0-1"]
[WhiteElo "2034"]
[BlackElo "2214"]
[PlyCount "82"]
[EventDate "2016.10.09"]
[EventType "team-tourn"]
[EventRounds "11"]
[EventCountry "CZE"]
[SourceTitle "EXT 2022"]
[Source "ChessBase"]
[SourceDate "2021.10.06"]
[SourceVersion "1"]
[SourceVersionDate "2021.10.06"]
[SourceQuality "1"]
[WhiteTeam "Domazlice"]
[BlackTeam "Praha Dopravni podnik"]
[WhiteTeamCountry "CZE"]
[BlackTeamCountry "CZE"]

1. Nf3 Nf6 2. g3 g6 3. Bg2 Bg7 4. 0-0 0-0 5. d3 d6 6. e4 c5 7. Nbd2 Nc6 8. h3 Rb8 9. Nh4 b5 10. f4 Bb7 11. Kh2 d5 12. e5 Ne8 13. Nb3 c4 14. Nc5 Nc7 15. Nxb7 Rxb7 16. d4 e6 17. Be3 b4 18. Qe1 a5 19. g4 f5 20. Nf3 Bh6 21. Qg3 Kh8 22. Rh1 Nb5 23. g5 Bg7 24. h4 Kg8 25. Rad1 Kf7 26. h5 Rh8 27. Kg1 a4 28. hxg6+ hxg6 29. Kf2 a3 30. Rxh8 Bxh8 31. Rh1 axb2 32. Qh2 Bg7 33. Nh4 Ne7 34. Bf3 Qh8 35. Qg1 Nc3 36. Nxg6 Nxg6 37. Rxh8 Bxh8 38. Qh1 b1Q 39. Qh7+ Bg7 40. Bh5 Qxc2+ 41. Kg3 Ke7 0-1

[Event "CZE-chT2A 1617"]
[Site "Czech Republic"]
[Date "2016.10.09"]
[Round "1.4"]
[White "Adamek, Zdenek"]
[Black "Korsa, Jindrich"]
[Result "1-0"]
[WhiteElo "2214"]
[BlackElo "2124"]
[PlyCount "115"]
[EventDate "2016.10.09"]
[EventType "team-tourn"]
[EventRounds "11"]
[EventCountry "CZE"]
[SourceTitle "EXT 2022"]
[Source "ChessBase"]
[SourceDate "2021.10.06"]
[SourceVersion "1"]
[SourceVersionDate "2021.10.06"]
[SourceQuality "1"]
[WhiteTeam "Praha Dopravni podnik"]
[BlackTeam "Podborany"]
[WhiteTeamCountry "CZE"]
[BlackTeamCountry "CZE"]

1. d4 Nf6 2. c4 g6 3. Nc3 Bg7 4. Nf3 0-0 5. Bg5 d6 6. e3 h6 7. Bh4 g5 8. Bg3 Nh5 9. Qc2 f5 10. Bd3 e6 11. h4 Nxg3 12. fxg3 g4 13. Ng1 Nc6 14. Nge2 e5 15. d5 Nb4 16. Qd2 Nxd3+ 17. Qxd3 Qe7 18. 0-0 Bd7 19. Rae1 Rf7 20. Qd2 Raf8 21. Nc1 Qd8 22. Nd3 h5 23. Re2 Bh6 24. Qe1 Rf6 25. Ref2 c6 26. Kh1 Qb6 27. c5 dxc5 28. Nxe5 Qc7 29. Nxd7 Qxd7 30. e4 f4 31. e5 Rf5 32. Ne4 Bg7 33. gxf4 cxd5 34. Ng3 d4 35. Qe4 b5 36. Nxf5 Rxf5 37. g3 c4 38. Kg2 d3 39. Rd2 Bf8 40. a3 Be7 41. Rfd1 Rf8 42. e6 Qd6 43. Qg6+ Kh8 44. Qh6+ Kg8 45. Qg6+ Kh8 46. Qxh5+ Kg8 47. Qxg4+ Kh7 48. Qh5+ Kg8 49. Qxb5 Qxe6 50. Qe5 Qc6+ 51. Kh2 Bf6 52. Qh5 Rb8 53. Qg6+ Kf8 54. Re1 Qb6 55. Re4 Rc8 56. h5 Bxb2 57. Qf5+ Bf6 58. Qxc8+ 1-0

[Event "CZE-chT2C 1516"]
[Site "Czech Republic"]
[Date "2016.01.24"]
[Round "6.5"]
[White "Prochazka, Jiri1111"]
[Black "Adamek, Zdenek"]
[Result "0-1"]
[WhiteElo "2136"]
[BlackElo "2294"]
[PlyCount "120"]
[EventDate "2015.10.18"]
[EventType "team-tourn"]
[EventRounds "11"]
[EventCountry "CZE"]
[SourceTitle "EXT 2022"]
[Source "ChessBase"]
[SourceDate "2021.10.06"]
[SourceVersion "1"]
[SourceVersionDate "2021.10.06"]
[SourceQuality "1"]
[WhiteTeam "Praha Vrsovice"]
[BlackTeam "Praha Dopravni podnik II"]
[WhiteTeamCountry "CZE"]
[BlackTeamCountry "CZE"]

1. d4 Nf6 2. Nf3 g6 3. Nc3 Bg7 4. e4 d6 5. Bc4 Nc6 6. h3 0-0 7. Qe2 e5 8. dxe5 Nxe5 9. Nxe5 dxe5 10. Bg5 c6 11. a4 h6 12. Be3 Qe7 13. 0-0 Nh5 14. Rfd1 Nf4 15. Bxf4 exf4 16. Rd3 Be6 17. Bxe6 Qxe6 18. Rad1 Rfe8 19. Rd6 Qe5 20. Qc4 Bf6 21. a5 a6 22. Rd7 Re7 23. Qb4 Rb8 24. Na4 Qxe4 25. Qd6 Qe5 26. Nc5 Qxd6 27. R1xd6 Re1+ 28. Kh2 Be5 29. Rd3 Bxb2 30. Nxb7 Be5 31. Rd8+ Kg7 32. Rxb8 Bxb8 33. Nd8 c5 34. Nc6 Be5 35. Rd5 Bd4 36. Nxd4 cxd4 37. Rxd4 Re2 38. Rc4 Rxf2 39. Kg1 Re2 40. Rc6 Re5 41. Rxa6 Rc5 42. Rd6 Rxa5 43. Rc6 g5 44. Kf2 Re5 45. c4 h5 46. Rb6 f6 47. Rb5 Kf7 48. h4 g4 49. Rb7+ Ke6 50. Rb6+ Kf5 51. Rb8 g3+ 52. Kf1 Kg4 53. Rb5 Re4 54. c5 Rc4 55. Rb6 Rxc5 56. Rxf6 Rf5 57. Rg6+ Kxh4 58. Ke2 f3+ 59. gxf3 Rg5 60. Rxg5 Kxg5 0-1

[Event "CZE-chT2C 1516"]
[Site "Czech Republic"]
[Date "2016.01.10"]
[Round "5.5"]
[White "Loskot, Petr"]
[Black "Adamek, Zdenek"]
[Result "1/2-1/2"]
[WhiteElo "2111"]
[BlackElo "2294"]
[PlyCount "88"]
[EventDate "2015.10.18"]
[EventType "team-tourn"]
[EventRounds "11"]
[EventCountry "CZE"]
[SourceTitle "EXT 2022"]
[Source "ChessBase"]
[SourceDate "2021.10.06"]
[SourceVersion "1"]
[SourceVersionDate "2021.10.06"]
[SourceQuality "1"]
[WhiteTeam "Tabor"]
[BlackTeam "Praha Dopravni podnik II"]
[WhiteTeamCountry "CZE"]
[BlackTeamCountry "CZE"]

1. e4 d6 2. d4 Nf6 3. Nc3 g6 4. Nf3 Bg7 5. h3 0-0 6. Be3 c6 7. Qd2 b5 8. Bd3 Nbd7 9. a3 Qc7 10. 0-0 Bb7 11. Bh6 e5 12. Bxg7 Kxg7 13. Rfe1 a6 14. dxe5 dxe5 15. b4 Rad8 16. a4 Rfe8 17. Qe2 Nf8 18. Qe3 Ne6 19. Ne2 bxa4 20. Rxa4 c5 21. b5 axb5 22. Bxb5 Bc6 23. Bxc6 Qxc6 24. Rc4 Qd6 25. Qc3 Nd4 26. Ng3 Nd7 27. Ra4 Ra8 28. Rea1 Qc6 29. Rxa8 Rxa8 30. Rxa8 Qxa8 31. Nxd4 exd4 32. Qb2 Qc6 33. f3 Ne5 34. Ne2 Nc4 35. Qa1 Qb6 36. Nf4 Ne3 37. Nd5 Nxd5 38. exd5 c4 39. Kf1 Kf6 40. Ke2 Ke5 41. Qa8 Qb5 42. Qh8+ Kxd5 43. Qd8+ Ke6 44. Qxd4 Qe5+ 1/2-1/2

[Event "CZE-chT2C 1516"]
[Site "Czech Republic"]
[Date "2015.10.18"]
[Round "1.5"]
[White "Smid, Miroslav"]
[Black "Adamek, Zdenek"]
[Result "0-1"]
[WhiteElo "2198"]
[BlackElo "2294"]
[PlyCount "112"]
[EventDate "2015.10.18"]
[EventType "team-tourn"]
[EventRounds "11"]
[EventCountry "CZE"]
[SourceTitle "EXT 2022"]
[Source "ChessBase"]
[SourceDate "2021.10.06"]
[SourceVersion "1"]
[SourceVersionDate "2021.10.06"]
[SourceQuality "1"]
[WhiteTeam "Praha Bohemians"]
[BlackTeam "Praha Dopravni podnik II"]
[WhiteTeamCountry "CZE"]
[BlackTeamCountry "CZE"]

1. c4 Nf6 2. g3 g6 3. Bg2 Bg7 4. e4 d6 5. Ne2 0-0 6. Nbc3 c5 7. 0-0 Nc6 8. h3 Ne8 9. d3 Nc7 10. f4 Ne6 11. f5 Ned4 12. g4 e6 13. Ng3 a6 14. Bf4 Ne5 15. Qd2 Bd7 16. Nce2 Nxe2+ 17. Nxe2 Bc6 18. Bh6 Nd7 19. Rf2 e5 20. Raf1 f6 21. Bxg7 Kxg7 22. h4 Qe7 23. Ng3 Kh8 24. g5 Qg7 25. Bh3 fxg5 26. hxg5 gxf5 27. Bxf5 Rg8 28. Rh2 Nf8 29. Rf3 Qxg5 30. Qxg5 Rxg5 31. Kf2 Be8 32. Rh6 Bg6 33. Bxg6 Rxg6 34. Rxg6 hxg6 35. Rf7 b5 36. b3 Kg8 37. Rb7 Ne6 38. Ne2 Kf8 39. Nc3 b4 40. Nd5 Nd8 41. Rd7 Nf7 42. Nc7 Rc8 43. Nd5 Kg7 44. Ra7 Rh8 45. Rxa6 Rh2+ 46. Ke3 Kh6 47. Ra7 Ng5 48. Ra8 Rb2 49. Ne7 Ne6 50. Kf3 Kg5 51. Ra6 Nd4+ 52. Kg3 Rd2 53. Rxd6 Rxd3+ 54. Kg2 Rd2+ 55. Kf1 Kf4 56. Nxg6+ Kg3 0-1

[Event "CZE-chT2A 1415"]
[Site "Czech Republic"]
[Date "2015.04.19"]
[Round "11.2"]
[White "Adamek, Zdenek"]
[Black "Galicek, Stanislav"]
[Result "1-0"]
[WhiteElo "2236"]
[BlackElo "2151"]
[PlyCount "75"]
[EventDate "2014.11.02"]
[EventType "team-tourn"]
[EventRounds "11"]
[EventCountry "CZE"]
[SourceTitle "EXT 2022"]
[Source "ChessBase"]
[SourceDate "2021.10.06"]
[SourceVersion "1"]
[SourceVersionDate "2021.10.06"]
[SourceQuality "1"]
[WhiteTeam "Praha Dopravni podnik"]
[BlackTeam "Tachov"]
[WhiteTeamCountry "CZE"]
[BlackTeamCountry "CZE"]

1. d4 d5 2. c4 c6 3. Nf3 Nf6 4. e3 e6 5. b3 Ne4 6. Bd3 Nd7 7. 0-0 Bd6 8. Bb2 f5 9. Ne5 0-0 10. f3 Nef6 11. Nd2 Qc7 12. f4 Ne4 13. Nxe4 dxe4 14. Be2 Nxe5 15. fxe5 Be7 16. d5 Bg5 17. d6 Bxe3+ 18. Kh1 Qd8 19. b4 c5 20. Qb3 Qg5 21. Bc1 Bxc1 22. Raxc1 Bd7 23. bxc5 Bc6 24. Qg3 Qd2 25. Bh5 Rad8 26. a3 Qd4 27. h4 Qxc5 28. Be2 Rd7 29. Rc3 Kh8 30. Qf4 Rg8 31. Rh3 Qd4 32. Kh2 Qb2 33. Bd1 a6 34. Rg3 b5 35. cxb5 Bxb5 36. Rf2 Qd4 37. Bb3 Bc4 38. Rd2 1-0

[Event "CZE-chT2A 1415"]
[Site "Czech Republic"]
[Date "2015.02.08"]
[Round "7.3"]
[White "Adamek, Zdenek"]
[Black "Cap, Adam"]
[Result "1-0"]
[WhiteElo "2236"]
[BlackElo "2113"]
[PlyCount "71"]
[EventDate "2014.11.02"]
[EventType "team-tourn"]
[EventRounds "11"]
[EventCountry "CZE"]
[SourceTitle "EXT 2022"]
[Source "ChessBase"]
[SourceDate "2021.10.06"]
[SourceVersion "1"]
[SourceVersionDate "2021.10.06"]
[SourceQuality "1"]
[WhiteTeam "Praha Dopravni podnik"]
[BlackTeam "Kladno"]
[WhiteTeamCountry "CZE"]
[BlackTeamCountry "CZE"]

1. d4 Nf6 2. c4 g6 3. Nc3 Bg7 4. Nf3 0-0 5. Bg5 h6 6. Bh4 d6 7. e3 Bf5 8. Bd3 Bxd3 9. Qxd3 Nbd7 10. 0-0 c6 11. Rfd1 Re8 12. Rac1 Qa5 13. a3 Qh5 14. h3 e5 15. Bxf6 Nxf6 16. dxe5 dxe5 17. e4 Bf8 18. b4 a5 19. c5 g5 20. Ne2 Qg6 21. Ng3 Nh5 22. Nxh5 Qxh5 23. Nh2 Red8 24. Qxd8 Rxd8 25. Rxd8 Qe2 26. Ng4 Kg7 27. Ne3 Be7 28. Rd7 Bf6 29. Rcd1 Qb2 30. Rxb7 Qxa3 31. Rdd7 axb4 32. Rxf7+ Kg6 33. Ng4 Bh8 34. Rf8 b3 35. Rxh8 b2 36. Rxh6# 1-0